แสดงรายละเอียดบรรณานุกรม
  กลับหน้าหลัก

Brief Record : Get Marc (ISO 2709) : E-mail record : QR code ปิดหน้าต่าง
E-books : เกี่ยวกับ Collections
LEADER 00000nam 2200000uu 4500
001    211857
003     ULIBM
008    020711s2560 th a 000 0 tha d
050    VCD000392
245    วีซีดีรวมกฎกระทรวง ประกาศกระทรวงศึกษาธิการ ประกาศ และมติคณะกรรมการการอุดมศึกษาที่เกี่ยวกับหลักเกณฑ์/แนวทาง และแนวปฏิบัติที่เกี่ยวข้อง สิงหาคม 2556 - กรกฎาคม 2560/^cโดย สำนักงานคณะกรรมการการอุดมศึกษา
260    กรุงเทพฯ :^bสำนักงานคณะกรรมการการอุดมศึกษา,^c2560
300    CD-ROM จำนวน 1 แผ่น หน้า
650  4 สถาบันอุดมศึกษา^xกฎหมายและระเบียบข้อบังคับ^zไทย
650  4 ^aการศึกษาขั้นอุดมศึกษา^xกฎหมายและระเบียบข้อบังคับ^zไทย
650  4 ^aหนังสืออิเล็กทรอนิกส์
700 0  ^aอักษร วัฒนสิน,^eผู้รวบรวม
700 0  ^aโสมระวี นักรบ,^eผู้รวบรวม
710 2  ^aสำนักงานคณะกรรมการการอุดมศึกษา
999    ^aใช้งานได้ทุกระบบ
รายการนี้ยังไม่มีแท็ก
คุณยังไม่ได้ล็อกอิน คุณสามารถมีกิจกรรมร่วมกับเว็บไซต์ได้ แต่ต้องล็อกอินก่อน ::
  ล็อกอิน
ลำดับที่ ประเภท เลขเรียก สถานที่ สถานะ
1. สื่อวีดิทัศน์
สื่อวีดิทัศน์
VCD000392 2560  
  
ชั้นวีซีดี On Shelf
  ขอยืม
   [แสดง 1/1 รายการ]

รายการใกล้เคียง
    หัวเรื่อง [หนังสืออิเล็กทรอนิกส์]

BibComment


ยังไม่เคยถูกคอมเมนท์

คอมเมนท์ทรัพยากรรายการนี้
  คอมเมนท์: วีซีดีรวมกฎกระทรว..
Bib 211857

 
 
 

 Union Library Management : ULibM
Copyright 2026. All Rights Reserved.
скачать бесплатно без регистрации порно красивый секс HD Sex Hindi sex

xxx gou

xxxx

bfxxx

xxxwww

Секса Видео

xxxx

Секса Видео

detube

geilexxx

C99 Shell

worms shell

blod xxx video
Ebony Coed Rihanna Rimes Takes A Dick In Her Young Twat priyaa indian fuck anal and pusssy hardcore indian women xxx desi hardcore fucking part 1 bengalixxxcouple